000
00239nam a2200097Ia 4500
001
1222526
005
20250827092849.0
008
250824s9999 xx 000 0 und d
245
0
_a
MUTLU PRENS
_c
OSCAR WİLDE
260
_b
PARILTI YAYINLARI
999
_c
1222526
_d
1222526